NWSA journal an official publication of the National Women's Studies Association.

Bibliographic Details
New Title:Feminist formations
Corporate Author: National Women's Studies Association
Format: Electronic Journal
Language:English
Published: Norwood, N.J. : Ablex Publishing, 1988-2009.
Subjects:
Online Access:Full text available from Research Library: 04/01/1996 to 12/31/2009

MARC

LEADER 00000nas a2200000 a 4500
001 ssj0000429
003 WaSeSS
005 20200512172242.0
006 m d
007 cr n
008 990918d19882009inutr pss 0 a0eng c
010 |a sn 99004657  
016 7 |a 023151994  |2 DE-101 
016 7 |a 2069578-0  |2 DE-600 
016 7 |a 2570688 -3  |2 DE-600 
022 |a 1527-1889  |l 1040-0656  |y 1040-0656 
030 |a NWJOEG 
035 |a (WaSeSS)ssj0000429 
040 |a JHE  |b eng  |c JHE  |d NSD  |d JHE  |d OCL  |d OCLCQ  |d MUQ  |d CSO  |d AAA  |d OCLCQ  |d IUL  |d EYM  |d NSD  |d OCLCQ  |d WAU  |d CNTRU  |d FJM  |d OCLCQ  |d OCLCO  |d GBVCP  |d OCLCQ  |d OCLCF  |d OCLCO  |d OCLCQ  |d DEBBG  |d WT2  |d GILDS  |d OCLCO  |d DKU  |d UUM  |d NTG  |d OCLCQ  |d OCLCO  |d WYU  |d VT2  |d SFB  |d OCLCQ  |d OCLCO  |d WaSeSS 
042 |a nsdp  |a pcc 
050 1 4 |a HQ1186.U6  |b .N87 
082 1 0 |a 305  |2 13 
130 0 |a NWSA journal (Online) 
210 0 |a NWSA j.  |b (Online) 
222 0 |a NWSA journal  |b (Online) 
245 1 0 |a NWSA journal  |h [electronic resource] :  |b an official publication of the National Women's Studies Association. 
246 3 |a National Women's Studies Association journal 
260 |a Norwood, N.J. :  |b Ablex Publishing,  |c 1988-2009. 
310 |a Three times a year,  |b 1991- 
321 |a Quarterly,  |b 1988-1990 
362 0 |a Vol. 1, no. 1 (autumn 1988)-v. 21, no. 3 (fall 2009). 
500 |a Title from cover (JSTOR, viewed Oct. 9, 2008). 
500 |a Published: Bloomington, Ind. : Indiana University Press, spring 1995- 
506 |a License restrictions may limit access. 
538 |a Mode of access: World Wide Web. 
588 1 |a Vol. 22, no. 3 (fall 2009) (Project MUSE, viewed July 29, 2010). 
650 0 |a Women's studies  |v Periodicals. 
650 0 |a Feminism  |v Periodicals. 
650 6 |a Études sur les femmes  |v Périodiques. 
650 6 |a Féminisme  |v Périodiques. 
650 7 |a Feminism.  |2 fast  |0 (OCoLC)fst00922671 
650 7 |a Women's studies.  |2 fast  |0 (OCoLC)fst01178850 
655 0 |a Electronic journals. 
710 2 |a National Women's Studies Association. 
776 0 8 |i Print version:  |t NWSA journal  |x 1040-0656  |w (DLC) 89656512  |w (OCoLC)18305154 
785 0 0 |t Feminist formations  |x 2151-7371  |w (DLC) 2009203961  |w (OCoLC)463436635 
856 4 0 |z Full text available from Research Library: 04/01/1996 to 12/31/2009  |u https://search.proquest.com/publication/33901